[Event "Nizhnij Novgorod Juniors"]
[Site "Nizhnij Novgorod"]
[Date "2011.08.22"]
[Round "?"]
[White "Vlasova, Ekaterina"]
[Black "Patkina, Ekaterina"]
[Result "1/2-1/2"]
[WhiteElo "1863"]
[BlackElo "1906"]
[PlyCount "30"]
[EventDate "2011.08.22"]
[EventType "swiss"]
[EventRounds "9"]
[EventCountry "RUS"]
[SourceTitle "EXT 2022"]
[Source "ChessBase"]
[SourceDate "2021.10.06"]
[SourceVersion "1"]
[SourceVersionDate "2021.10.06"]
[SourceQuality "1"]

1. e4 e6 2. d4 d5 3. exd5 exd5 4. Bd3 Bd6 5. Nf3 Qe7+ 6. Qe2 Qxe2+ 7. Bxe2 Nf6 8. 0-0 0-0 9. c3 Bf5 10. Ne5 Nbd7 11. Nxd7 Nxd7 12. Bf3 Nf6 13. Be3 Be4 14. Bxe4 Nxe4 15. Nd2 Nxd2 1/2-1/2

[Event "Kstovo op"]
[Site "Kstovo"]
[Date "2010.09.11"]
[Round "8"]
[White "Patkina, Ekaterina"]
[Black "Sobiev, Dmitry M"]
[Result "0-1"]
[WhiteElo "1954"]
[BlackElo "1852"]
[PlyCount "44"]
[EventDate "2010.09.04"]
[EventType "swiss"]
[EventRounds "9"]
[EventCountry "RUS"]
[SourceTitle "EXT 2014"]
[Source "ChessBase"]
[SourceDate "2013.11.20"]
[SourceVersion "1"]
[SourceVersionDate "2013.11.20"]
[SourceQuality "1"]

1. e4 e6 2. d4 d5 3. e5 b6 4. Nf3 Ne7 5. Bb5+ c6 6. Bd3 Ba6 7. Bg5 Bxd3 8. Qxd3 Qc7 9. Bxe7 Bxe7 10. 0-0 c5 11. c4 dxc4 12. Qxc4 0-0 13. Nc3 Nc6 14. Rfe1 Na5 15. Qe2 cxd4 16. Nxd4 Qc4 17. Rad1 Qxe2 18. Rxe2 Rfd8 19. Ree1 a6 20. a3 Rac8 21. g3 Bxa3 22. Na4 Bb4 0-1

[Event "Kstovo op"]
[Site "Kstovo"]
[Date "2010.09.10"]
[Round "7"]
[White "Taskin, Sergey"]
[Black "Patkina, Ekaterina"]
[Result "0-1"]
[WhiteElo "2015"]
[BlackElo "1954"]
[PlyCount "34"]
[EventDate "2010.09.04"]
[EventType "swiss"]
[EventRounds "9"]
[EventCountry "RUS"]
[SourceTitle "EXT 2014"]
[Source "ChessBase"]
[SourceDate "2013.11.20"]
[SourceVersion "1"]
[SourceVersionDate "2013.11.20"]
[SourceQuality "1"]

1. c4 Nf6 2. Nc3 d5 3. cxd5 Nxd5 4. e4 Nxc3 5. dxc3 Qxd1+ 6. Kxd1 e5 7. Be3 Nc6 8. Bb5 Bd7 9. Kc2 Nb4+ 10. cxb4 Bxb5 11. Bc5 0-0-0 12. Rd1 Rxd1 13. Kxd1 Bxc5 14. bxc5 Rd8+ 15. Kc1 Bf1 16. h4 Bxg2 17. Rh2 Bxe4 0-1

[Event "Kstovo op"]
[Site "Kstovo"]
[Date "2010.09.06"]
[Round "3"]
[White "Patkina, Ekaterina"]
[Black "Pristalov, Evgeny"]
[Result "0-1"]
[WhiteElo "1954"]
[BlackElo "2008"]
[PlyCount "70"]
[EventDate "2010.09.04"]
[EventType "swiss"]
[EventRounds "9"]
[EventCountry "RUS"]
[SourceTitle "EXT 2014"]
[Source "ChessBase"]
[SourceDate "2013.11.20"]
[SourceVersion "1"]
[SourceVersionDate "2013.11.20"]
[SourceQuality "1"]

1. e4 Nf6 2. e5 Nd5 3. d4 d6 4. Nf3 Bg4 5. Be2 e6 6. 0-0 Be7 7. c4 Nb6 8. exd6 cxd6 9. Nc3 0-0 10. Be3 Nc6 11. b3 Bf6 12. Rc1 d5 13. c5 Nc8 14. a3 N8e7 15. h3 Bxf3 16. Bxf3 Nf5 17. Ne2 Qa5 18. Ra1 b5 19. b4 Qc7 20. a4 a6 21. Qd2 Qb7 22. Rfb1 g6 23. g4 Nxe3 24. fxe3 Bg5 25. Nc3 Rfb8 26. axb5 axb5 27. Be2 Rxa1 28. Rxa1 Qc7 29. Kg2 Bh4 30. Bxb5 Qg3+ 31. Kh1 Qxh3+ 32. Qh2 Qf3+ 33. Qg2 Qxe3 34. Bxc6 Qxc3 35. Rf1 Rxb4 0-1

[Event "Nizhnij Novgorod-ch"]
[Site "Nizhnij Novgorod"]
[Date "2010.03.??"]
[Round "?"]
[White "Patkina, Ekaterina"]
[Black "Jevtushenko, VV."]
[Result "1/2-1/2"]
[WhiteElo "1948"]
[BlackElo "1928"]
[PlyCount "30"]
[EventDate "2010.03.13"]
[EventType "swiss"]
[EventRounds "9"]
[EventCountry "RUS"]
[SourceTitle "EXT 2022"]
[Source "ChessBase"]
[SourceDate "2021.10.06"]
[SourceVersion "1"]
[SourceVersionDate "2021.10.06"]
[SourceQuality "1"]

1. Nf3 d5 2. g3 Nf6 3. Bg2 Nbd7 4. d4 Ne4 5. 0-0 e6 6. c4 c6 7. Nfd2 Nxd2 8. Nxd2 Nf6 9. e4 dxe4 10. Nxe4 Be7 11. Be3 0-0 12. Qe2 Nxe4 13. Bxe4 Qc7 14. Rac1 Qa5 15. a3 Rd8 1/2-1/2

[Event "Kstovo Kichigin Memorial op"]
[Site "Kstovo"]
[Date "2010.02.??"]
[Round "5"]
[White "Sorokin, Nikolay A"]
[Black "Patkina, Ekaterina"]
[Result "0-1"]
[WhiteElo "1763"]
[BlackElo "1954"]
[PlyCount "72"]
[EventDate "2010.02.??"]
[EventType "swiss"]
[EventRounds "9"]
[EventCountry "RUS"]
[SourceTitle "EXT 2014"]
[Source "ChessBase"]
[SourceDate "2013.11.20"]
[SourceVersion "1"]
[SourceVersionDate "2013.11.20"]
[SourceQuality "1"]

1. e4 c5 2. Nf3 Nc6 3. c3 Nf6 4. Qc2 d6 5. h3 e5 6. a3 Be7 7. Bb5 Bd7 8. 0-0 0-0 9. Re1 Rc8 10. Qd1 Qb6 11. Bxc6 Bxc6 12. d3 Rfe8 13. Nbd2 Bf8 14. Nc4 Qc7 15. Bg5 Nd7 16. Ne3 Be7 17. c4 Nf8 18. Nd5 Bxd5 19. exd5 Ng6 20. Bxe7 Rxe7 21. g3 Qd7 22. Kh2 Rce8 23. Ng5 f5 24. Qh5 Nf8 25. Qe2 h6 26. Nf3 e4 27. dxe4 fxe4 28. Nd2 Nh7 29. Qg4 Qxg4 30. hxg4 e3 31. Nf3 Nf6 32. Kh3 exf2 33. Rxe7 Rxe7 34. g5 hxg5 35. Kg2 g4 36. Nd2 Re1 0-1

[Event "RUS-chB U16 Girls"]
[Site "Dagomys"]
[Date "2009.04.21"]
[Round "7"]
[White "Pyltsina, Ekaterina"]
[Black "Patkina, Ekaterina"]
[Result "0-1"]
[WhiteElo "1839"]
[BlackElo "1942"]
[PlyCount "100"]
[EventDate "2009.04.15"]
[EventType "swiss"]
[EventRounds "9"]
[EventCountry "RUS"]
[SourceTitle "EXT 2010"]
[Source "ChessBase"]
[SourceDate "2010.11.25"]
[SourceVersion "1"]
[SourceVersionDate "2010.11.25"]
[SourceQuality "1"]

1. e4 c5 2. Nf3 e6 3. b3 Nc6 4. Bb2 a6 5. d4 cxd4 6. Nxd4 Nf6 7. Nxc6 bxc6 8. e5 Ne4 9. Bd3 Qa5+ 10. Nd2 Nxd2 11. Qxd2 Bb4 12. c3 Qxe5+ 13. Be2 Be7 14. 0-0 0-0 15. c4 Qb8 16. Bd3 d5 17. cxd5 cxd5 18. Qe2 Qf4 19. Qh5 h6 20. Be5 Qh4 21. Qxh4 Bxh4 22. Rfc1 Bf6 23. Bxf6 gxf6 24. Rc7 e5 25. Rc6 Kg7 26. Rd6 Bb7 27. f3 Rfd8 28. Rb6 Bc8 29. g4 a5 30. Rc1 Be6 31. Rcc6 Rac8 32. Ra6 Rxc6 33. Rxc6 e4 34. fxe4 dxe4 35. Bxe4 Rd1+ 36. Kf2 Rd2+ 37. Kg3 Rxa2 38. Rc3 Ra3 39. Rc5 Rxb3+ 40. Kf4 a4 41. Ra5 a3 42. Bd5 Rb4+ 43. Kf3 Bxd5+ 44. Rxd5 Ra4 45. Rd1 a2 46. Ra1 Kg6 47. h4 h5 48. gxh5+ Kxh5 49. Kg3 f5 50. Kh3 Ra3+ 0-1

[Event "RUS-chB U16 Girls"]
[Site "Dagomys"]
[Date "2009.04.19"]
[Round "5"]
[White "Ognerubova, Anastasia"]
[Black "Patkina, Ekaterina"]
[Result "0-1"]
[WhiteElo "2010"]
[BlackElo "1942"]
[PlyCount "74"]
[EventDate "2009.04.15"]
[EventType "swiss"]
[EventRounds "9"]
[EventCountry "RUS"]
[SourceTitle "EXT 2010"]
[Source "ChessBase"]
[SourceDate "2010.11.25"]
[SourceVersion "1"]
[SourceVersionDate "2010.11.25"]
[SourceQuality "1"]

1. e4 e6 2. d4 d5 3. Nd2 Nf6 4. e5 Nfd7 5. Bd3 c5 6. c3 Nc6 7. Ne2 cxd4 8. cxd4 f6 9. exf6 Qxf6 10. Nf3 h6 11. 0-0 Bd6 12. Be3 0-0 13. Rc1 Rd8 14. Bb1 Nf8 15. Ng3 Bd7 16. a3 Be8 17. Re1 Na5 18. Ne5 Rdc8 19. b4 Nc6 20. f4 b5 21. Qg4 a5 22. Nxc6 Rxc6 23. Rxc6 Bxc6 24. Nh5 Qf7 25. f5 exf5 26. Bxf5 Kh8 27. Rf1 Be8 28. Nf4 Bxf4 29. Rxf4 Qe7 30. Rf3 axb4 31. axb4 Ra1+ 32. Kf2 Qxb4 33. Kg3 Ra3 34. Bc2 Qe7 35. Qf4 Kg8 36. Bd2 Rxf3+ 37. Qxf3 Qc7+ 0-1

[Event "Nizhnij Novgorod-ch 61st"]
[Site "Nizhnij Novgorod"]
[Date "2009.03.??"]
[Round "?"]
[White "Patkina, Ekaterina"]
[Black "Sobiev, Dmitry M"]
[Result "1/2-1/2"]
[WhiteElo "1943"]
[BlackElo "1727"]
[PlyCount "141"]
[EventDate "2009.03.06"]
[EventType "swiss"]
[EventRounds "9"]
[EventCountry "RUS"]
[SourceTitle "EXT 2010"]
[Source "ChessBase"]
[SourceDate "2010.11.25"]
[SourceVersion "1"]
[SourceVersionDate "2010.11.25"]
[SourceQuality "1"]

1. e4 e6 2. d3 d5 3. Nd2 c5 4. Ngf3 Nc6 5. g3 Bd6 6. Bg2 Nge7 7. 0-0 0-0 8. Re1 Qc7 9. Nf1 d4 10. h4 b5 11. Qe2 f6 12. N1h2 Ba6 13. h5 c4 14. Ng4 e5 15. h6 g6 16. Bh3 Nb4 17. Rd1 c3 18. b3 Nbc6 19. Nh4 Bc8 20. Rf1 g5 21. Ng2 Ng6 22. Kh2 Kh8 23. Kg1 a5 24. a4 bxa4 25. Rxa4 Nb4 26. Ba3 Bd7 27. Bxb4 axb4 28. Rxa8 Rxa8 29. Kh2 Be7 30. Rc1 Ra2 31. Qf3 Qc6 32. Qd1 Bf8 33. Ra1 Ra3 34. Ne1 Qc8 35. Rc1 Qc6 36. Qf3 Bxg4 37. Qxg4 Bxh6 38. Qh5 Bf8 39. Bf5 Kg7 40. Nf3 Qe8 41. Rh1 Kg8 42. Kg2 Ra7 43. Rh3 Qf7 44. Nh2 Nh4+ 45. Rxh4 gxh4 46. Qxh4 Qg7 47. Ng4 Ra6 48. Bc8 Rc6 49. Bf5 Ra6 50. Bc8 Ra8 51. Nxf6+ Kh8 52. Nh5 Be7 53. Qh3 Qf8 54. Bf5 h6 55. Qg4 Qg8 56. Qe2 Bg5 57. Kh2 Ra2 58. Qd1 Qf7 59. g4 Qa7 60. Be6 Qe7 61. Bf5 Bf4+ 62. Nxf4 exf4 63. Kg2 Qg5 64. Kh3 Kg7 65. Qe2 f3 66. Qxf3 Rxc2 67. e5 Rxf2 68. Qb7+ Kf8 69. Qc8+ Kf7 70. Qe6+ Kf8 71. Qc8+ 1/2-1/2

[Event "Nizhnij Novgorod Dubinin Memorial 16th"]
[Site "Nizhnij Novgorod"]
[Date "2009.01.05"]
[Round "3"]
[White "Patkina, Ekaterina"]
[Black "Danov, Alexander"]
[Result "1/2-1/2"]
[WhiteElo "1943"]
[BlackElo "2277"]
[PlyCount "30"]
[EventDate "2009.01.03"]
[EventType "swiss"]
[EventRounds "9"]
[EventCountry "RUS"]
[SourceTitle "EXT 2010"]
[Source "ChessBase"]
[SourceDate "2010.11.25"]
[SourceVersion "1"]
[SourceVersionDate "2010.11.25"]
[SourceQuality "1"]

1. e4 e5 2. Bc4 Nf6 3. d4 exd4 4. e5 d5 5. Qxd4 Nc6 6. Bb5 Ne4 7. Nc3 Nxc3 8. Qxc3 Qd7 9. Bd2 a6 10. Bxc6 bxc6 11. Qg3 Rb8 12. b3 Qf5 13. Ne2 Bc5 14. 0-0 0-0 15. c3 Bd7 1/2-1/2

[Event "Nizhnij Novgorod Dubinin Memorial 16th"]
[Site "Nizhnij Novgorod"]
[Date "2009.01.04"]
[Round "2"]
[White "Kudriashov, Alexander"]
[Black "Patkina, Ekaterina"]
[Result "1/2-1/2"]
[WhiteElo "2203"]
[BlackElo "1943"]
[PlyCount "30"]
[EventDate "2009.01.03"]
[EventType "swiss"]
[EventRounds "9"]
[EventCountry "RUS"]
[SourceTitle "EXT 2010"]
[Source "ChessBase"]
[SourceDate "2010.11.25"]
[SourceVersion "1"]
[SourceVersionDate "2010.11.25"]
[SourceQuality "1"]

1. e4 c5 2. c3 d5 3. exd5 Qxd5 4. Nf3 Nf6 5. d4 Bg4 6. Be2 e6 7. Be3 cxd4 8. cxd4 Nc6 9. h3 Bh5 10. 0-0 Be7 11. Nc3 Qa5 12. g4 Bg6 13. a3 0-0 14. b4 Qc7 15. Rc1 a6 1/2-1/2

[Event "PriFR-ch U16 Girls"]
[Site "Penza"]
[Date "2008.11.10"]
[Round "8"]
[White "Patkina, Ekaterina"]
[Black "Mustafina, Svetlana"]
[Result "0-1"]
[WhiteElo "1950"]
[BlackElo "1931"]
[PlyCount "120"]
[EventDate "2008.11.03"]
[EventType "swiss"]
[EventRounds "9"]
[EventCountry "RUS"]
[SourceTitle "EXT 2022"]
[Source "ChessBase"]
[SourceDate "2021.10.06"]
[SourceVersion "1"]
[SourceVersionDate "2021.10.06"]
[SourceQuality "1"]

1. e4 c5 2. c3 e6 3. d4 d5 4. e5 Nc6 5. Nf3 Qb6 6. Bd3 Bd7 7. 0-0 cxd4 8. cxd4 Nge7 9. Nc3 Ng6 10. a3 Rc8 11. Na4 Qd8 12. Be3 Na5 13. Nc3 Nc4 14. Bc1 Be7 15. Qe2 a6 16. g3 Nxa3 17. Nxd5 Nb5 18. Nxe7 Nxe7 19. Be3 Bc6 20. Rfd1 Qd5 21. Kg2 g5 22. Bxg5 Nxd4 23. Qe4 Nxf3 24. Kxf3 Ng6 25. Qxd5 Bxd5+ 26. Ke2 Nxe5 27. Bf6 Bf3+ 28. Kd2 Nxd3 29. Kxd3 Bxd1 30. Bxh8 Bb3 31. Bc3 Rc5 32. Ra5 Rxa5 33. Bxa5 f6 34. f4 Kf7 35. Bb6 Kg6 36. Bd4 Kf5 37. Ke3 Bd1 38. Bc3 e5 39. fxe5 fxe5 40. b4 h5 41. Bb2 Bc2 42. Bc3 Ke6 43. Bb2 Kd5 44. Bc3 b6 45. Kd2 Bg6 46. Ke3 Kc4 47. Bd2 Kb5 48. h3 Bf5 49. g4 Bxg4 50. hxg4 hxg4 51. Kf2 a5 52. bxa5 bxa5 53. Bc3 e4 54. Ke3 g3 55. Kxe4 g2 56. Bd4 Kc4 57. Bb6 a4 58. Kf3 a3 59. Kxg2 a2 60. Kf3 a1Q 0-1

[Event "PriFR-ch U16 Girls"]
[Site "Penza"]
[Date "2008.11.07"]
[Round "5"]
[White "Gorozhankina, Julia"]
[Black "Patkina, Ekaterina"]
[Result "0-1"]
[WhiteElo "2104"]
[BlackElo "1950"]
[PlyCount "68"]
[EventDate "2008.11.03"]
[EventType "swiss"]
[EventRounds "9"]
[EventCountry "RUS"]
[SourceTitle "EXT 2022"]
[Source "ChessBase"]
[SourceDate "2021.10.06"]
[SourceVersion "1"]
[SourceVersionDate "2021.10.06"]
[SourceQuality "1"]

1. e4 c6 2. d4 d5 3. exd5 cxd5 4. c4 Nf6 5. Nc3 g6 6. Qb3 Bg7 7. cxd5 0-0 8. Be2 Nbd7 9. Bf3 Nb6 10. Nge2 Bg4 11. Bxg4 Nxg4 12. h3 Nf6 13. Nf4 Qd7 14. 0-0 Rfd8 15. Re1 Rac8 16. Nb5 Nbxd5 17. Nxd5 Nxd5 18. Nxa7 Ra8 19. Nb5 Ra6 20. Be3 Rb6 21. a4 Nxe3 22. fxe3 e5 23. dxe5 Bxe5 24. Rad1 Qe7 25. Rxd8+ Qxd8 26. Rf1 Qe7 27. Rf3 Kg7 28. Rf2 f5 29. Qd5 Rc6 30. Qd2 Qc5 31. Nd4 Rd6 32. Re2 Kf6 33. b4 Qc4 34. Qb2 Rxd4 0-1

[Event "PriFR-ch U16 Girls"]
[Site "Penza"]
[Date "2008.11.05"]
[Round "3"]
[White "Danilova, Irina M"]
[Black "Patkina, Ekaterina"]
[Result "0-1"]
[WhiteElo "1844"]
[BlackElo "1950"]
[PlyCount "20"]
[EventDate "2008.11.03"]
[EventType "swiss"]
[EventRounds "9"]
[EventCountry "RUS"]
[SourceTitle "EXT 2022"]
[Source "ChessBase"]
[SourceDate "2021.10.06"]
[SourceVersion "1"]
[SourceVersionDate "2021.10.06"]
[SourceQuality "1"]

1. e4 c5 2. Nf3 Nc6 3. d4 cxd4 4. Nxd4 Nf6 5. Nc3 e6 6. Bg5 Be7 7. Ndb5 0-0 8. Qd2 d5 9. Bf4 d4 10. Bc7 dxc3 0-1

[Event "Nizhnij Novgorod Region-ch op"]
[Site "Nizhnij Novgorod"]
[Date "2008.10.??"]
[Round "7"]
[White "Mylnikov, Vasily"]
[Black "Patkina, Ekaterina"]
[Result "1/2-1/2"]
[WhiteElo "1614"]
[BlackElo "1950"]
[PlyCount "48"]
[EventDate "2008.10.04"]
[EventType "swiss"]
[EventRounds "9"]
[EventCountry "RUS"]
[SourceTitle "EXT 2022"]
[Source "ChessBase"]
[SourceDate "2021.10.06"]
[SourceVersion "1"]
[SourceVersionDate "2021.10.06"]
[SourceQuality "1"]

1. d4 Nf6 2. c4 c5 3. dxc5 Nc6 4. Nc3 g6 5. Nf3 Bg7 6. Bd2 0-0 7. e3 e6 8. Be2 Qe7 9. a3 Qxc5 10. b4 Qe7 11. 0-0 d6 12. Rc1 b6 13. Nd4 Bb7 14. Bf3 Rac8 15. Nxc6 Bxc6 16. Bxc6 Rxc6 17. Qb3 Rfc8 18. Ne2 Qc7 19. Qa4 Rxc4 20. Rxc4 Qxc4 21. Rc1 Qxe2 22. Rxc8+ Bf8 23. h3 Ne4 24. Qe8 Qxf2+ 1/2-1/2

[Event "Kstovo op"]
[Site "Kstovo"]
[Date "2008.09.12"]
[Round "7"]
[White "Gavrilov, Vladimir"]
[Black "Patkina, Ekaterina"]
[Result "0-1"]
[WhiteElo "1787"]
[BlackElo "1948"]
[PlyCount "94"]
[EventDate "2008.09.06"]
[EventType "swiss"]
[EventRounds "9"]
[EventCountry "RUS"]
[SourceTitle "CBM 126 Extra"]
[Source "ChessBase"]
[SourceDate "2008.11.05"]
[SourceVersion "1"]
[SourceVersionDate "2008.11.05"]
[SourceQuality "1"]

1. c4 Nf6 2. Nc3 d5 3. d4 g6 4. e3 Bg7 5. Nf3 0-0 6. Be2 c5 7. 0-0 cxd4 8. Nxd4 Nc6 9. Nxc6 bxc6 10. cxd5 cxd5 11. Bf3 Bb7 12. Na4 Rc8 13. Qb3 Ba8 14. Bd2 e5 15. Bb4 Re8 16. Rac1 Rb8 17. Qa3 e4 18. Be2 Nd7 19. Bc3 Bf8 20. b4 a5 21. Nc5 Qe7 22. Qxa5 Nxc5 23. bxc5 Qxc5 24. Qxc5 Bxc5 25. Ba5 Bd6 26. Rb1 Be5 27. a4 Bc6 28. Bb5 Bxb5 29. Rxb5 Rxb5 30. axb5 Rb8 31. Rb1 d4 32. exd4 Bxd4 33. Bc7 Rb7 34. b6 f5 35. g3 Kf7 36. Kf1 Ke6 37. Ke2 Kd5 38. Rb5+ Kc6 39. Rb1 Bxb6 40. Rxb6+ Rxb6 41. Bxb6 Kxb6 42. f3 Kc5 43. Ke3 Kd5 44. h3 g5 45. h4 h6 46. hxg5 hxg5 47. fxe4+ fxe4 0-1